Gares sur la ligne de Nancy à Metz - Statistiques

Statistiques générales
  • Ce quiz a été pris 196 fois
  • Le résultat moyen est 8 sur 14
Statistiques - réponses
Département Gare % Correct
Meurthe-et-Moselle (54) Nancy-Ville
94%
Moselle (57) Metz-Ville
93%
(54) Pont-à-Mousson
92%
Meurthe-et-Moselle (54) Pagny-sur-Moselle
76%
(54) Frouard
66%
(54) Pompey
58%
(57) Ars-sur-Moselle
56%
(54) Champigneulles
56%
(54) Dieulouard
56%
Moselle (57) Novéant
49%
(54) Belleville
44%
(54) Marbache
40%
(54) Vandières
33%
(57) Ancy-sur-Moselle
32%
Aucun quiz correspondant
Distribution des résultats
% des personnes avec chaque résultat
Percentile par nombre de réponses
Votre historique - résultats
Vous n’avez pas pris ce quiz